Desgravación fiscal a la exportación / (Record no. 28401)

MARC details
000 -LEADER
campo de control de longitud fija 00845nam a2200241 i 4500
001 - NÚMERO DE CONTROL
campo de control 28401
003 - IDENTIFICADOR DE NÚMERO DE CONTROL
campo de control ES-MaACL
005 - FECHA Y HORA DE LA ÚLTIMA TRANSACCIÓN
campo de control 20230906153840.0
007 - CAMPO FIJO DE DESCRIPCIÓN FÍSICA--INFORMACIÓN GENERAL
campo de control de longitud fija t|
008 - DATOS DE LONGITUD FIJA--INFORMACIÓN GENERAL
campo de control de longitud fija 030117s1984 sp ||||1| spa d
020 ## - NÚMERO INTERNACIONAL ESTÁNDAR DEL LIBRO
Número Internacional Estándar del Libro 84-505-0634-4
100 1# - ENTRADA PRINCIPAL--NOMBRE DE PERSONA
Nombre de persona Baptista Burgos, Ricardo.
9 (RLIN) 25250
245 10 - MENCIÓN DEL TÍTULO
Título Desgravación fiscal a la exportación /
Mención de responsabilidad, etc. preparación del texto por Ricardo Baptista Burgos.
250 ## - MENCION DE EDICION
Mención de edición [2ª ed. rev.].
260 ## - PUBLICACIÓN, DISTRIBUCIÓN, ETC.
Lugar de publicación, distribución, etc. Madrid :
Nombre del editor, distribuidor, etc. Banco Exterior de España, Servicio de Estudios Económicos,
Fecha de publicación, distribución, etc. [1984]
300 ## - DESCRIPCIÓN FÍSICA
Extensión 80 p. ;
Dimensiones 19 cm.
490 1# - MENCIÓN DE SERIE
Mención de serie Manuales Extebank. Serie comercio exterior ;
Designación de volumen o secuencia 7
710 00 - ENTRADA AGREGADA--NOMBRE DE ENTIDAD CORPORATIVA
Nombre de entidad corporativa o nombre de jurisdicción como elemento de entrada Banco Exterior de España.
9 (RLIN) 2123
830 0# - PUNTO DE ACCESO ADICIONAL DE SERIE-TÍTULO UNIFORME
Título uniforme Manuales Extebank. Serie comercio exterior ;
Designación de volumen o secuencia 7
9 (RLIN) 180627
852 ## - LOCALIZACIÓN
Ubicación ES-MaACL
Número de control de estantería L-12033
Sublocalización o colección R.114100
852 ## - LOCALIZACIÓN
Ubicación ES-MaACL
Número de control de estantería L-12670
Sublocalización o colección R.114166
Holdings
Estatus retirado Estado de pérdida Estado de daño No para préstamo Biblioteca de origen Biblioteca actual Ubicación en estantería Fecha de adquisición Fuente de adquisición Total de préstamos Signatura topográfica completa Código de barras Visto por última vez Precio de reemplazo Tipo de ítem Koha
        Biblioteca del Ateneo de Madrid Biblioteca del Ateneo de Madrid Depósito 2 17/01/2008     L-12670 1029321 23/02/2023 23/02/2023 Libro impreso
        Biblioteca del Ateneo de Madrid Biblioteca del Ateneo de Madrid Depósito 2 17/01/2008     L-12033 1029320 23/02/2023 23/02/2023 Libro impreso